000 00800nam a2200253Ia 4500
999 _c51250
_d51250
001 18210
003 GE_BSU
005 20211130123917.0
008 181216s2013||||enk|||||||||||||| ||eng||
020 _a9780415534536
040 _cGE_BSU
041 _aeng
080 _a338.48+796.5 E-22
100 _aEdgell, David L.
_913117
245 _aTourism policy and planning:
_byesterday, today and tomorrow /
_c David L. Edgell Sr., Jason R. Swanson
250 _a2nd edition.
264 _aLondon ; New York
_bRoutledge,
_c2013
300 _a305 p,;
_b ill,
_c26 cm.
653 _aTourism policy and planning
653 _aტურიზმი
653 _aტურიზმის - დაგეგმვა.
700 _aSwanson, Jason R.
_eავტორი
_913118
942 _cBK
_2udc